Leading and managing in nursing. / (Record no. 9166)
[ view plain ]
| 000 -LEADER | |
|---|---|
| fixed length control field | 02197cam a22003254a 4500 |
| 001 - CONTROL NUMBER | |
| control field | 16293809 |
| 003 - CONTROL NUMBER IDENTIFIER | |
| control field | OSt |
| 005 - DATE AND TIME OF LATEST TRANSACTION | |
| control field | 20220823163114.0 |
| 008 - FIXED-LENGTH DATA ELEMENTS--GENERAL INFORMATION | |
| fixed length control field | 100618s2011 moua b 001 0 eng |
| 020 ## - INTERNATIONAL STANDARD BOOK NUMBER | |
| International Standard Book Number | 9780323039000 |
| 020 ## - INTERNATIONAL STANDARD BOOK NUMBER | |
| International Standard Book Number | 0323039006 |
| 035 ## - SYSTEM CONTROL NUMBER | |
| System control number | (OCoLC)ocn643443273 |
| 040 ## - CATALOGING SOURCE | |
| Original cataloging agency | DNLM/DLC |
| Transcribing agency | LC |
| Modifying agency | YDX |
| -- | NLM |
| -- | YDXCP |
| -- | DNF |
| -- | EEK |
| -- | CDX |
| -- | DLC |
| 042 ## - AUTHENTICATION CODE | |
| Authentication code | pcc |
| 050 00 - LIBRARY OF CONGRESS CALL NUMBER | |
| Classification number | RT89.L43 |
| 100 ## - MAIN ENTRY--PERSONAL NAME | |
| Personal name | Yoder-Wise, Patricia S. |
| 9 (RLIN) | 234 |
| 245 00 - TITLE STATEMENT | |
| Title | Leading and managing in nursing. / |
| Statement of responsibility, etc. | Patricia S. Yoder-Wise. |
| 250 ## - EDITION STATEMENT | |
| Edition statement | 4th ed. |
| 260 ## - PUBLICATION, DISTRIBUTION, ETC. | |
| Place of publication, distribution, etc. | St. Louis, Mo.: |
| Name of publisher, distributor, etc. | Elsevier Mosby, |
| Date of publication, distribution, etc. | 2007. |
| 300 ## - PHYSICAL DESCRIPTION | |
| Extent | xxvi, 732 p. : |
| Other physical details | col. ill. ; |
| Dimensions | 24 cm. |
| 504 ## - BIBLIOGRAPHY, ETC. NOTE | |
| Bibliography, etc. note | Includes bibliographical references and index. |
| 505 2# - FORMATTED CONTENTS NOTE | |
| Formatted contents note | Contents: Managing, leading and following -- Developing the role of leader -- Developing the role of manager -- Legal and ethical issues -- Making decisions and solving problems -- Healthcare organizations -- Understanding and designing organizational structures -- Cultural diversity in health care -- Managing resources: Managing information and technology: caring and communicating with computers -- Managing costs and budgets -- Care delivery strategies -- Staffing and scheduling -- Selecting, developing and evaluating staff -- Changing the status quo: Strategic planning, goal setting and marketing -- Leading change -- Building teams through communication and partnerships -- Collective action -- Managing quality and risk -- Translating research into practice -- Interpersonal and personal skills: Consumer relationships -- Conflict: the cutting edge of change -- Delegation: an art of professional practice -- Managing personal/personnel problems -- Role transition -- Self management: stress and time -- Career management: putting yourself in charge -- Leading through professional associations -- Thriving for the future -- |
| 650 #0 - SUBJECT ADDED ENTRY--TOPICAL TERM | |
| Topical term or geographic name entry element | Nursing services |
| General subdivision | Administration. |
| 9 (RLIN) | 175 |
| 650 #0 - SUBJECT ADDED ENTRY--TOPICAL TERM | |
| Topical term or geographic name entry element | Leadership. |
| 9 (RLIN) | 38 |
| 650 12 - SUBJECT ADDED ENTRY--TOPICAL TERM | |
| Topical term or geographic name entry element | Nurse Administrators |
| General subdivision | organization & administration. |
| 9 (RLIN) | 235 |
| 650 22 - SUBJECT ADDED ENTRY--TOPICAL TERM | |
| Topical term or geographic name entry element | Leadership. |
| 9 (RLIN) | 38 |
| 906 ## - LOCAL DATA ELEMENT F, LDF (RLIN) | |
| a | 7 |
| b | cbc |
| c | orignew |
| d | 1 |
| e | ecip |
| f | 20 |
| g | y-gencatlg |
| 942 ## - ADDED ENTRY ELEMENTS (KOHA) | |
| Source of classification or shelving scheme | Library of Congress Classification |
| Koha item type | Books |
| Withdrawn status | Lost status | Source of classification or shelving scheme | Damaged status | Not for loan | Home library | Current library | Shelving location | Date acquired | Total Checkouts | Full call number | Barcode | Date last seen | Price effective from | Koha item type | Copy number |
|---|---|---|---|---|---|---|---|---|---|---|---|---|---|---|---|
| Library of Congress Classification | WISCONSIN INTERNATIONAL UNIVERSITY COLLEGE, GHANA - MAIN LIBRARY | WISCONSIN INTERNATIONAL UNIVERSITY COLLEGE, GHANA - MAIN LIBRARY | nursing | 23/07/2024 | RT89.L43(4e) | NURS/903/083/24 | 23/07/2024 | 23/07/2024 | Books | 1 | |||||
| Library of Congress Classification | WISCONSIN INTERNATIONAL UNIVERSITY COLLEGE, GHANA KUMASI LIBRARY | WISCONSIN INTERNATIONAL UNIVERSITY COLLEGE, GHANA KUMASI LIBRARY | nursing | 26/11/2019 | RT89.L43(4e) | KSN/707/707/19 | 23/08/2022 | 23/08/2022 | Books |
